| 000 | 00706nam a22001937a 4500 | ||
|---|---|---|---|
| 005 | 20231109104021.0 | ||
| 010 | _aHIN-126184 | ||
| 020 |
_c395.00 _a9788188017318 |
||
| 035 | _aHN-98530 | ||
| 037 | _bDBAD/PUB | ||
| 082 | _aक | ||
| 100 |
_aचौहान,अनिता सिंह _958482 |
||
| 245 |
_aमौसम बदल रहा है/ _cअनिता सिंह चौहान |
||
| 260 |
_bसाहित्य प्रचारक _c2019 _a दिल्ली |
||
| 270 |
_a3011 बल्लीराम _bनई दिल्ली _e110006 |
||
| 300 |
_a 160 पृ. _c22 सेमी.(सजिल्द) |
||
| 942 |
_2ddc _cHN _hक _mचौहान |
||
| 999 |
_c198866 _d198866 |
||